000 00668nam a22001937a 4500
999 _c168706
_d168706
005 20191021161449.0
010 _aUR-10539
020 _c200.00
_a-
035 _aU-9094
037 _bDBAD/PUB
_a-
082 _a841.08
100 _aمر تبہ :عظيم ا مر و ہو ی
245 _aشميم ا مر و ہو ی
_cمر تبہ :عظيم ا مر و ہو ی
246 _bShamim Amrohvi (Urdu)
_aEdited by Azeem Amrohvi
260 _aN.Delhi
_bAlami Marsia Center,
_c2012 ء
270 _aMoosa Appartment,6-AZakir Nagar,Jamia Ngr.
_bN.Delhi
_e110025
_k09250686517
_l-
300 _a256 ص
_c22 Cm(Hb)
942 _2ddc
_cUR
_h841.08
_mع ظ ی